[Event "Paris Department-ch"]
[Site "Paris"]
[Date "2003.??.??"]
[Round "1"]
[White "Belic, Milija"]
[Black "Amram, Roger"]
[Result "1-0"]
[WhiteElo "2130"]
[BlackElo "1890"]
[PlyCount "57"]
[EventDate "2003.02.14"]
[EventType "swiss"]
[EventRounds "6"]
[EventCountry "FRA"]
[SourceTitle "EXT 2004"]
[Source "ChessBase"]
[SourceDate "2003.11.25"]
[SourceVersion "1"]
[SourceVersionDate "2003.11.25"]
[SourceQuality "1"]

1. e4 d5 2. e5 Bf5 3. d4 e6 4. Nf3 c5 5. c3 Nc6 6. Qa4 Qa5 7. Qxa5 Nxa5 8. dxc5 Nc6 9. b4 a6 10. Bf4 h6 11. h4 Nge7 12. Nd4 Bh7 13. Nxc6 bxc6 14. Nd2 g6 15. Nf3 Bg7 16. Nd4 Kd7 17. Rh3 Rhb8 18. a4 Nf5 19. Nxf5 exf5 20. e6+ fxe6 21. Bxb8 Rxb8 22. Bxa6 d4 23. Rd1 e5 24. b5 cxb5 25. axb5 Bg8 26. f4 Re8 27. Re3 exf4 28. Rxe8 Kxe8 29. b6 1-0